| 000 | 00698nam a22002177a 4500 | ||
|---|---|---|---|
| 999 |
_c100284 _d100284 |
||
| 005 | 20181204144743.0 | ||
| 010 | _aENG-115253 | ||
| 020 |
_a9789384082840 _c1450.00 |
||
| 035 | _aEN-98785 | ||
| 037 | _bDBAD/PUB | ||
| 082 | _a303.4825 | ||
| 245 |
_aRethinking connectivity : _bregion, place and space in Asia / _cedited by Lipi Ghosh [and] Rila Mukherjee |
||
| 260 |
_aDelhi _bPrimus Books _c2016 |
||
| 270 |
_aVirat Bhawan, Mukherjee Nagar Commercial Complex _bDelhi _e110009 |
||
| 300 |
_axiii,183p. : _bill. _c25cm(Hb) |
||
| 490 | _aIssues in history | ||
| 500 | _aIncludes index | ||
| 700 | _aGhosh, Lipi | ||
| 700 | _aMukherjee,Rila | ||
| 942 |
_2ddc _cEN _mRET _h303.4825 |
||